UFC Records - Statistics

General Stats
  • This quiz has been taken 10,069 times
    1,671 since last reset
  • The average score is 15 of 22
Answer Stats
Record # Fighter % Correct
Most Total Title Defenses 12 Jon Jones
97%
Youngest UFC Champion 23 Jon Jones
97%
First Simultaneous Two-Division Champion Conor McGregor
91%
Latest Knockout Win (tie) 24:59 Max Holloway
88%
Most Significant Strikes Landed in Single Bout 445 Max Holloway
88%
Longest Title Reign in Days 2457 Anderson Silva
86%
Longest Win Streak (tie) 16 Anderson Silva
86%
Most Submission Wins 17 Charles Oliveira
86%
Most Post-Fight Bonuses 21 Charles Oliveira
86%
Fastest Knockout Win 0:05 Jorge Masvidal
84%
Longest Win Streak (tie) 16 Islam Makhachev
73%
Most Takedowns Landed in Single Bout 21 Khabib Nurmagomedov
72%
Most Knockout Wins 16 Derrick Lewis
69%
Most Fights in the UFC 46 Jim Miller
66%
Most Wins in the UFC 27 Jim Miller
66%
Latest Submission Win 24:59 Demetrious Johnson
62%
First UFC Tournament Champion Royce Gracie
61%
Oldest UFC Champion 45 Randy Couture
40%
Most Main Events in Pay-Per-Views 18 Randy Couture
40%
Latest Knockout Win (tie) 24:59 Yair Rodriguez
28%
First UFC Weight Class Champion Mark Coleman
22%
Fastest Submission Win 0:09 Oleg Taktarov
8%
No matching quizzes found
Score Distribution
Percent of People with Each Score
Percentile by Number Answered
Your Score History
You have not taken this quiz since the last reset